15 najbardziej dotkniętych krajów Covid-19 - 1 września 2021 - Statystyki

Ogólne statystyki
  • Ten quiz został rozwiązany 43 razy
  • Średni wynik to 9 z 26
Statystyki odpowiedzi
kraj % Poprawnych
Stany Zjednoczone
85%
Francja
78%
Niemcy
78%
Rosja
75%
Hiszpania
65%
Włochy
65%
Wielka Brytania
63%
Indie
58%
Brazylia
45%
Meksyk
45%
Argentyna
35%
Indonezja
30%
Turcja
30%
Szwecja
28%
Czechy
23%
Iran
23%
Kolumbia
23%
Holandia
15%
Litwa
13%
Estonia
10%
Panama
10%
Urugwaj
8%
Gruzja
5%
Izrael
5%
Słowenia
5%
Bahrajn
3%
Nie znaleziono quizów pasujących do podanych kryteriów
Rozkład punktacji
Procent ludzi z każdym wynikiem
Percentyl według liczby udzielonych odpowiedzi
Twoja historia wyników
Nie rozwiązałeś tego quizu